Ten Great Works of Philosophy (Record no. 15105)

MARC details
000 -LEADER
fixed length control field 00580nam a2200229 a 4500
020 ## - INTERNATIONAL STANDARD BOOK NUMBER
ISBN 9780451528308
082 00 - DEWEY DECIMAL CLASSIFICATION NUMBER
Classification number 190
Author Cutter WOL
100 ## - MAIN ENTRY--AUTHOR NAME
Author name Wolff, Robert Paul
245 ## - TITLE STATEMENT
Title Ten Great Works of Philosophy
260 ## - PUBLICATION, DISTRIBUTION, ETC. (IMPRINT)
Place of publication Newyork, USA
Name of publisher Signet Classic
Year of publication 2002
300 ## - PHYSICAL DESCRIPTION
Number of Pages 574p
500 ## - GENERAL NOTE
General note includes index and biblioraphy
650 ## - SUBJECT ADDED ENTRY--TOPICAL TERM
Topical Term Philosophy-Western
942 ## - ADDED ENTRY ELEMENTS (KOHA)
Koha item type Books
700 1# -
-- Wolff, Robert Paul
Holdings
Collection code Home library Current library Date acquired Cost, normal purchase price Full call number Accession Number Koha item type
  Henry Martyn Institute Library Henry Martyn Institute Library 10/08/2013 399.00 190 WOL 024140 Books
                   Copyright © 2026 | Henry Martyn Institute | Hyderabad | TS-500052 | INDIA | Implemented by hmi.edu.in
Hit-Count:

Powered by Koha